| 000 | 02212nam a2200409 a 4500 | ||
|---|---|---|---|
| 003 | DO-SdBNP | ||
| 005 | 20250411123357.0 | ||
| 006 | a||||gr|||| 00| 0 | ||
| 007 | ta | ||
| 008 | 110329s1993 dr r 000 0 spa d | ||
| 040 |
_aDO-SdBNP _bspa _cBNPHU _erda |
||
| 082 | 4 |
_a917.293 _bA116r, 1993 _222 |
|
| 100 | 1 |
_aAbad, José Ramón, _d1845-1915 _954550 _eautor |
|
| 245 | 1 | 3 |
_aLa República Dominicana : _breseña general geográfico estadística / _cJosé Ramón Abad ; introducción a la edición Bernardo Vega |
| 250 | _a3a. edición (Facsimilar de la primera). | ||
| 264 |
_aSanto Domingo : _bSociedad Dominicana de Bibliófilos INC., _c1993 |
||
| 300 |
_a400, [xxviii] páginas : _bIlustraciones, gráficas ; _c23 cm. |
||
| 336 |
_2rdacontent _atexto _btxt |
||
| 337 |
_2rdamedia _asin mediación _bn |
||
| 338 |
_2rdacarrier _avolumen _bnc |
||
| 490 | _aSociedad Dominicana de Bibliófilos. | ||
| 490 | _aCultura dominicana | ||
| 500 | _aIncluye referencias bibliográficas y notas al pie de las páginas | ||
| 500 | _aEsta reseña general, fue preparada en 1888, durante el gobierno de Ulises Heureaux por encargo del entonces Ministro de Fomento y Obras Públicas dominicano Señor Pedro Tomás Garrido, para que fuese distribuida en la exposición universal de París de 1889. | ||
| 500 | _aIncluye apéndice : páginas [i]-xxiii | ||
| 505 | _aDescripción geográfica -- Organización política y social -- Fuerzas productivas | ||
| 533 |
_aLa República Dominicana : reseña general geográfico - estadística / José Ramón Abad ; cuidado Pedro Troncoso Garrido. _bSanto Domingo _cImprenta De García Hermano _d _m1888 |
||
| 590 | _aInventariado, 2023 / MF | ||
| 651 | 4 |
_aRepública Dominicana _xGeografía política _954551 |
|
| 651 | 4 |
_aRepública Dominicana _xHistoria _9170 |
|
| 651 | 4 |
_aRepública Dominicana _xDescripción. _xhistoria _v _977213 |
|
| 651 | 4 |
_aRepública Dominicana _x Vida social y costumbres. _xHistoria _943380 |
|
| 700 | 1 | 2 |
_aVega, Bernardo, _d1938 - _eintroducción _93222 |
| 710 | 2 |
_aSecretaría de Fomento y Obras Públicas (República Dominicana) _977214 |
|
| 710 | 2 |
_aSociedad Dominicana de Bibliófilos (República Dominicana) _973174 |
|
| 942 |
_2ddc _cLBS1 |
||
| 999 |
_c49115 _d49115 |
||